书目信息 |
| 题名: |
面塑技法与应用
|
|
| 作者: | 屈浩 著 | |
| 分册: | ||
| 出版信息: | 北京 中国轻工业出版社 2004.07 |
|
| 页数: | 87页 | |
| 开本: | 26cm | |
| 丛书名: | 食品装饰技巧 | |
| 单 册: | ||
| 中图分类: | J528.4 | |
| 科图分类: | ||
| 主题词: | 面塑--mian su--中国--技法 , 面粉制食品--mian fen zhi shi pin | |
| 电子资源: | ||
| ISBN: | 7-5019-4379-6 | |
| 000 | 00876nam 2200265 450 | |
| 001 | 012008776312 | |
| 005 | 20080319093736.65 | |
| 010 | @a7-5019-4379-6@dCNY35.00 | |
| 100 | @a20080318d2004 km y0chiy0120 ea | |
| 101 | 0 | @achi |
| 102 | @aCN@b110000 | |
| 105 | @aa z 000yy | |
| 106 | @ar | |
| 200 | 1 | @a面塑技法与应用@Amian su ji fa yu ying yong@f屈浩著@Fqu hao zhu |
| 210 | @a北京@c中国轻工业出版社@d2004.07 | |
| 215 | @a87页@c图@d26cm | |
| 225 | 2 | @a食品装饰技巧@Ashi pin zhuang shi ji qiao |
| 330 | @a本书介绍了面塑的知识及各种面塑工艺的制作方法,从和面的基础知识到难度较高的新派面人群组制作都进行了详实的讲解。 | |
| 410 | 0 | @12001 @a食品装饰技巧 |
| 606 | 0 | @a面塑@Amian su@y中国@x技法 |
| 606 | 0 | @a面粉制食品@Amian fen zhi shi pin |
| 690 | @aJ528.4@v4 | |
| 701 | 0 | @a屈浩@Aqu hao@4著 |
| 801 | 0 | @aCN@bQSSK@c20080319 |
| 905 | @b20287388-90@dJ528.4@eQ811@f3 | |
| 面塑技法与应用/屈浩著.-北京:中国轻工业出版社,2004.07 |
| 87页:图;26cm.-(食品装饰技巧) |
| ISBN 7-5019-4379-6:CNY35.00 |
| 本书介绍了面塑的知识及各种面塑工艺的制作方法,从和面的基础知识到难度较高的新派面人群组制作都进行了详实的讲解。 |
| ● |
| 相关链接 |
|
|
|
正题名:面塑技法与应用
索取号:J528.4/Q811
 
预约/预借
| 序号 | 登录号 | 条形码 | 馆藏地/架位号 | 状态 | 备注 |
| 1 | 287388 | 202873881 | 社科库309/309社科库 89排3列1层/ [索取号:J528.4/Q811] | 在馆 | |
| 2 | 287389 | 202873890 | 社科库309/309社科库 89排3列1层/ [索取号:J528.4/Q811] | 在馆 | |
| 3 | 287390 | 202873907 | 社科库309/309社科库 89排3列1层/ [索取号:J528.4/Q811] | 在馆 |